000 00439nam a2200169Ia 4500
003 GCL
008 140319s9999 xx 000 0 eng d
040 _aGCL /
_cGCL
082 0 4 _a669
_bM J
100 1 _aPAINE, SHIELA
245 1 0 _aMETALLURGY OF WELDING 5Th ed /
_cPAINE, SHIELA
260 _a[S.N] :
_bMACMILLAN PUBLISHING COMPANY ،
_c1993
300 _a289 P
650 0 4 _aWELDING PROCESSES
650 0 4 _aWELDING
942 _2ddc
_cBK
999 _c13045
_d13045